00750nam a22002057a 450000500170000001000130001702000260003003500130005603700160006904000120008508200190009710000220011624501900013826000500032827000500037830000250042850000520045365000290050565000100053420170124105956.0 aB-121867 c595.00a9788176487986 aB-121867 bCen Lib/Ret aDPLbEN a327.54051bYUK aYukteshwar, Kumar aA history of Sino-Indian relations : 1st century A.D. to 7th century A.D ;cby Yukteshwar Kumarbmovement of peoples and ideas between India and China from Kasyapa Matanga to Yi Jing / aNew DelhibA P H Publishing Corporationc2005 a5 Ansari Road, Daryaganj bNew Delhie110002 axxx, 240p.c23cm(Hb) aIncludes bibliographic references and index  aInternational relations  aChina